| 000 | 00928nam a2200289Ia 4500 | ||
|---|---|---|---|
| 001 | Para_1796 | ||
| 003 | CHAP | ||
| 008 | 220125s1991 xx 000 0 und d | ||
| 010 | _a200447 | ||
| 040 | _cCHAP | ||
| 082 | _aPA 634.3063 P7 1991 | ||
| 100 |
_aBrlansky, R.H. _9165322 |
||
| 245 |
_aProceedings of the eleventh conference of the international organization of citrus virologistis / _c ed. by R.H. Brlansky, R.F. Lee and L.W. Timmer |
||
| 260 |
_aRiverside, Cal. : _b International Organization of Citrus Virologists |
||
| 300 | _a459 p. | ||
| 650 |
_aCitricos _x congresos _924414 |
||
| 650 |
_aCitricos _x enfermedades por virus _924427 |
||
| 700 |
_aLee, R.F. _965592 |
||
| 700 |
_aTimmer, L.W. _9113330 |
||
| 901 | _aPA 634.3063 P7 1991 | ||
| 902 | _aA | ||
| 905 | _a0000001991 ai 0000000000 00 | ||
| 910 | _a1991 | ||
| 942 | _cPARA | ||
| 942 |
_cPARA _d1 |
||
| 999 |
_c200447 _d200447 |
||